Authors of Children's Books - Statistics

General Stats
  • This quiz has been taken 20,022 times
    14,229 since last reset
  • The average score is 10 of 22
Answer Stats
Book or Series Author % Correct
Harry Potter series J.K. Rowling
94%
Charlie and the Chocolate Factory Roald Dahl
85%
Green Eggs and Ham Dr. Seuss
82%
Narnia series C.S. Lewis
75%
The Adventures of Huckleberry Finn Mark Twain
75%
Winnie-the-Pooh A. A. Milne
71%
Alice's Adventures in Wonderland Lewis Carroll
69%
The Jungle Book Rudyard Kipling
69%
A Series of Unfortunate Events Lemony Snicket
58%
Treasure Island Robert Louis Stevenson
51%
Goosebumps series R. L. Stine
45%
Charlotte's Web E. B. White
40%
Percy Jackson & the Olympians Rick Riordan
31%
Superfudge Judy Blume
28%
The Very Hungry Caterpillar Eric Carle
27%
Ramona the Pest Beverly Cleary
23%
Where the Wild Things Are Maurice Sendak
23%
A Wrinkle in Time Madeleine L'Engle
22%
Watership Down Richard Adams
20%
Nancy Drew series Carolyn Keene
18%
Hatchet Gary Paulsen
16%
The Hardy Boys Franklin W. Dixon
10%
No matching quizzes found
Score Distribution
Percent of People with Each Score
Percentile by Number Answered
Your Score History
You have not taken this quiz since the last reset